1528 1996 1960 1592 1135 1115 1953 1387 1239 1578 1403 1853 1980 1402 1806 1991 1567 1817 1866 1859 1714 1743 1010 1025 1026 1636 1501 1952 1725 1015 1699 1864 1993 1792 1087 1860 1625 1468 1734 1886 1097 1190 1008 1079 1496 1264 1101 1461 1808 1954 1903 1697 1416 1163 1659 1910 1570 1355 1241 1313 1531 1932 1705 1727 1645 1408 1493 1076 1270 1059 1289 1686 1068 1438 1477 1047 1328 1640 1372 1546 1047 1565 1059 1450 1881 1259 1478 1029 1988 1856 1218 1471 1883 1579 1478 1271 1079 1065 1476 BCNSPRNW ULIB Ver.6.0+V

เปลี่ยนเป็นภาษาไทย

Change to English
 แสดงรายละเอียดบรรณานุกรม
  กลับหน้าหลัก

Brief Record : Get Marc (ISO 2709) : E-mail record : QR code < ปิดหน้าต่าง
LEADER : 00000nam 2200000uu 4500
001    13399120190
003     ULIB
008    120911s2554||||th 000 0 tha d
020    ^a9744658045
020    ^a9789744658043
060 04 ^aWY86^bจ264น
100 0  ^aจันทร์เพ็ญ สันตวาจา
245 10 ^aแนวคิดพื้นฐานทฤษฎีและกระบวนการพยาบาล /^cจันทร์เพ็ญสันตวาจา, อภิญญา เพียรพิจารณ์, รัตนาภรณ์ ศิริวัฒน์ชัยพร
250    ^aพิมพ์ครั้งที่ 7
260    ^aนนทบุรี :^bโครงการสวัสดิการวิชาการ สถาบันพระบรมราชชนก,^c2554
300    ^a112 หน้า :^bภาพประกอบ ;^c27 ซม.
650  7 ^aการพยาบาล
650  7 ^aกระบวนการพยาบาล
700 0  ^aอภิญญา เพียรพิจารณ์
700 0  ^aรัตนาภรณ์ ศิริวัฒน์ชัยพร
710 2  ^aสถาบันพระบรมราชชนก. ^bโครงการสวัสดิการวิชาการ
945    ^p0^l0^i19483
945    ^p0^l0^i19482
945    ^p0^l0^i19481
945    ^p0^l0^i19480
945    ^p0^l0^i19484
995    ^aกัณชพร
999 ^a ใช้งานได้ทุกระบบ
รายการนี้ยังไม่มีแท็ก
คุณยังไม่ได้ล็อกอิน คุณสามารถมีกิจกรรมร่วมกับเว็บไซต์ได้ แต่ต้องล็อกอินก่อน ::
  ล็อกอิน

รายการสื่อสารสนเทศ

ลำดับที่ ประเภท เลขเรียก/บาร์โค้ด สถานที่ สถานะ
1. วิทยาศาสตร์การแพทย์ และสุขภาพ
วิทยาศาสตร์การแพทย์ และสุขภาพ
สถานะ=หนังสือเก่า
WY86 จ264น  
  Barcode: 19480
ห้องสมุดวิทยาเขตนครสวรรค์
►ส่วนจัดเก็บหนังสือเก่า นว.
บนชั้น
  ขอยืม
2. วิทยาศาสตร์การแพทย์ และสุขภาพ
วิทยาศาสตร์การแพทย์ และสุขภาพ
สถานะ=หนังสือเก่า
WY86 จ264น ฉ.3 
  Barcode: 19482
ห้องสมุดวิทยาเขตนครสวรรค์
►ส่วนจัดเก็บหนังสือเก่า นว.
บนชั้น
  ขอยืม
3. วิทยาศาสตร์การแพทย์ และสุขภาพ
วิทยาศาสตร์การแพทย์ และสุขภาพ
สถานะ=หนังสือเก่า
WY86 จ264น ฉ.4 
  Barcode: 19483
ห้องสมุดวิทยาเขตนครสวรรค์
►ส่วนจัดเก็บหนังสือเก่า นว.
บนชั้น
  ขอยืม
4. วิทยาศาสตร์การแพทย์ และสุขภาพ
วิทยาศาสตร์การแพทย์ และสุขภาพ
สถานะ=หนังสือเก่า
WY86 จ264น ฉ.5 
  Barcode: 19484
ห้องสมุดวิทยาเขตนครสวรรค์
►ส่วนจัดเก็บหนังสือเก่า นว.
บนชั้น
  ขอยืม

รายการใกล้เคียง
    ผู้แต่ง [จันทร์เพ็ญ สันตวาจา]

    หัวเรื่อง [การพยาบาล]
    หัวเรื่อง [กระบวนการพยาบาล]

BibComment


ยังไม่เคยถูกคอมเมนท์

คอมเมนท์ทรัพยากรรายการนี้
  คอมเมนท์: แนวคิดพื้นฐานทฤษ..


 Copyright 2026. Bcnsprnw @Library